Los tres cerdos Nacho, Tito, e Miguel/ (Record no. 29399)

MARC details
000 -LEADER
fixed length control field 01426cam a2200385 4500
001 - CONTROL NUMBER
control field zswift b1074604
003 - CONTROL NUMBER IDENTIFIER
control field SIRSI
005 - DATE AND TIME OF LATEST TRANSACTION
control field 20240319204816.0
008 - FIXED-LENGTH DATA ELEMENTS--GENERAL INFORMATION
fixed length control field ||| 0 eng
020 ## - INTERNATIONAL STANDARD BOOK NUMBER
International Standard Book Number 0934925054
Terms of availability 17.95
020 ## - INTERNATIONAL STANDARD BOOK NUMBER
International Standard Book Number 9780934925051
035 ## - SYSTEM CONTROL NUMBER
System control number (Sirsi) i9780934925051
035 ## - SYSTEM CONTROL NUMBER
Canceled/invalid control number NO CTRL
035 ## - SYSTEM CONTROL NUMBER
System control number (Sirsi) 33683
040 ## - CATALOGING SOURCE
Transcribing agency sjds
041 ## - LANGUAGE CODE
Language code of text/sound track or separate title spa
100 1# - MAIN ENTRY--PERSONAL NAME
Personal name Salinas-Norman, Bobbi.
245 10 - TITLE STATEMENT
Title Los tres cerdos Nacho, Tito, e Miguel/
Statement of responsibility, etc. relatado e illustrado por Bobbi Salinas.
260 ## - PUBLICATION, DISTRIBUTION, ETC. (IMPRINT)
Place of publication, distribution, etc. Alameda, CA:
Name of publisher, distributor, etc. Pinata Publications,
Date of publication, distribution, etc. 1997.
300 ## - PHYSICAL DESCRIPTION
Extent 32 pages :
Other physical details illustrations.
336 ## - CONTENT TYPE
Content type term text
Content type code txt
Source rdacontent.
337 ## - MEDIA TYPE
Media type term unmediated
Media type code n
Source rdamedia.
338 ## - CARRIER TYPE
Carrier type term volume
Carrier type code nc
Source rdacarrier.
500 ## - GENERAL NOTE
General note Includes glossary.
500 ## - GENERAL NOTE
General note For children 3-103.
500 ## - GENERAL NOTE
General note Para ninos de 3 a 103 anos de edad.
500 ## - GENERAL NOTE
General note Text in Spanish and English.
520 ## - SUMMARY, ETC.
Summary, etc. Summary: This version of The Three Pigs takes place in the Southwest. Miguel, the cleverest of the pigs, sees through the wolf's artificially sugared tricks and ultimately destroys the wolf's power to deceive others.
650 #0 - SUBJECT ADDED ENTRY--TOPICAL TERM
Topical term or geographic name as entry element Swine
Form subdivision Juvenile fiction.
650 #0 - SUBJECT ADDED ENTRY--TOPICAL TERM
Topical term or geographic name as entry element Wolves
Form subdivision Juvenile fiction.
650 #0 - SUBJECT ADDED ENTRY--TOPICAL TERM
Topical term or geographic name as entry element Children's stories, American
General subdivision translation into Spanish.
650 #0 - SUBJECT ADDED ENTRY--TOPICAL TERM
Topical term or geographic name as entry element Bilingual materials
General subdivision Spanish and English.
655 #7 - INDEX TERM--GENRE/FORM
Genre/form data or focus term Fables
Form subdivision Juvenile fiction.
Source of term lcgft.
942 ## - ADDED ENTRY ELEMENTS (KOHA)
Koha item type Libro/Book
Source of classification or shelving scheme Dewey Decimal Classification
Holdings
Withdrawn status Lost status Damaged status Not for loan Home library Current library Date acquired Total Checkouts Barcode Checked out Date last seen Date checked out Price effective from Koha item type
        San Juan Del Sur -- Mobile La Cuesta 04/03/2024 1 33016011 11/06/2024 07/05/2024 07/05/2024 04/03/2024 Libro/Book

Powered by Koha